| 000 | 00855nam a2200265 a 4500 | ||
|---|---|---|---|
| 001 | vtls001373537 | ||
| 003 | NLI | ||
| 005 | 20210627110725.0 | ||
| 008 | 120628s1903 enk 000 0 eng | ||
| 039 | 9 |
_y201206281831 _zVLOAD |
|
| 040 |
_aNLI _beng _cDatasoft_IMP _eAACR2 |
||
| 041 | 0 | _aeng | |
| 044 | _a enk | ||
| 084 | _a179 | ||
| 100 | 1 |
_aBesant, Annie, _d1847-1933 _9688057 |
|
| 245 | 1 | 0 |
_aIn the outer court / _cby Annie Besant |
| 260 |
_aLondon : _bTheosophical Pub., _c1903 |
||
| 300 |
_a191, [1] p. ; _c19 cm. |
||
| 500 | _a"Verbatim reports of five lectures given in the Blavatsky lodge, London, at the Headquarters of the European section of the Theosophical Society, during August, 1895." | ||
| 650 | 0 |
_aTheosophy _9679401 |
|
| 887 | _a | ||
| 901 |
_aIMP138014 : _b20.10.2011 |
||
| 902 | _a179 D 691 | ||
| 999 |
_aVIRTUA40 _c842012 _d842012 |
||
| 942 |
_2ddc _cBKS |
||